[Event "FICGS rapid D 000040 email"]
[Site "FICGS email"]
[Date "2010.05.05"]
[Round "1"]
[White "Davis, Mark"]
[Black "Krajkar, Josef"]
[Result "1-0"]
[WhiteElo "1406"]
[BlackElo "1449"]
[PlyCount "59"]
[EventDate "2010.??.??"]
[EventType "tourn (rapid)"]
[EventRounds "6"]
[SourceTitle "Corr 2013"]
[Source "ChessBase"]
[SourceDate "2012.11.12"]
[SourceVersion "1"]
[SourceVersionDate "2012.11.12"]
[SourceQuality "1"]

1. e4 e5 2. Nf3 Nc6 3. b3 Bc5 4. Bb2 Nf6 5. d3 Ng4 6. d4 exd4 7. Nxd4 Nxd4 8. Bxd4 Qe7 9. f3 Bxd4 10. Qxd4 Qe5 11. Qxe5+ Nxe5 12. Bd3 Nxd3+ 13. cxd3 0-0 14. 0-0 d6 15. Nd2 Be6 16. Nc4 Bxc4 17. bxc4 b6 18. Rae1 g6 19. f4 c5 20. e5 dxe5 21. fxe5 a5 22. g4 Rad8 23. Rd1 Rd4 24. Rfe1 Rxg4+ 25. Kf2 f6 26. e6 Re8 27. e7 Kf7 28. Kf3 f5 29. Rd2 Rxe7 30. Rde2 1-0

[Event "FICGS rapid D 000040 email"]
[Site "FICGS email"]
[Date "2010.05.05"]
[Round "1"]
[White "Krajkar, Josef"]
[Black "Brulland, Emmanuel"]
[Result "0-1"]
[WhiteElo "1449"]
[BlackElo "1432"]
[PlyCount "92"]
[EventDate "2010.??.??"]
[EventType "tourn (rapid)"]
[EventRounds "6"]
[SourceTitle "Corr 2013"]
[Source "ChessBase"]
[SourceDate "2012.11.12"]
[SourceVersion "1"]
[SourceVersionDate "2012.11.12"]
[SourceQuality "1"]

1. e4 c6 2. Nc3 d5 3. d4 e6 4. Nf3 Nd7 5. Bf4 Ngf6 6. Qd3 dxe4 7. Nxe4 Nxe4 8. Qxe4 Nf6 9. Qd3 Be7 10. Ne5 0-0 11. Be2 Re8 12. 0-0-0 Bf8 13. Qg3 g6 14. h4 Nd5 15. h5 Nxf4 16. Qxf4 Qe7 17. a3 g5 18. Qg4 h6 19. Bd3 f5 20. Qe2 Bg7 21. g3 Bxe5 22. Qxe5 Qg7 23. Qd6 Qe7 24. Qxe7 Rxe7 25. f4 g4 26. b4 a5 27. bxa5 Rxa5 28. Rhe1 Kf7 29. Re5 Rxa3 30. Kb2 Ra4 31. c3 b5 32. Rc5 Bd7 33. Kb3 Re8 34. c4 Ra5 35. Re1 Kf6 36. cxb5 cxb5 37. Rc7 Re7 38. Re5 Ra1 39. Bxb5 Rb1+ 40. Kc2 Rxb5 41. Rxb5 Bxb5 42. Rxe7 Kxe7 43. Kb3 Kd6 44. Kb4 Kc6 45. Kb3 Kd5 46. Kc3 Ke4 0-1

[Event "FICGS rapid D 000040 email"]
[Site "FICGS email"]
[Date "2010.05.05"]
[Round "1"]
[White "Krajkar, Josef"]
[Black "Nguyen, Hao Nhien"]
[Result "0-1"]
[WhiteElo "1449"]
[BlackElo "1575"]
[PlyCount "44"]
[EventDate "2010.??.??"]
[EventType "tourn (rapid)"]
[EventRounds "6"]
[SourceTitle "Corr 2013"]
[Source "ChessBase"]
[SourceDate "2012.11.12"]
[SourceVersion "1"]
[SourceVersionDate "2012.11.12"]
[SourceQuality "1"]

1. e4 e5 2. Nf3 Nc6 3. Bc4 Nd4 4. Nxe5 Qg5 5. Bxf7+ Ke7 6. Nf3 Qxg2 7. Rf1 Nxf3+ 8. Ke2 Kxf7 9. d3 Nd4+ 10. Ke3 c5 11. c3 Ne6 12. Nd2 g6 13. Nf3 Bh6+ 14. Ke2 Bxc1 15. Rxc1 Qh3 16. Ne5+ Ke8 17. Rh1 d6 18. Nxg6 hxg6 19. Qg1 Nf4+ 20. Ke1 Nxd3+ 21. Kd2 Nxc1 22. Kxc1 Qh6+ 0-1

[Event "FICGS rapid D 000040 email"]
[Site "FICGS email"]
[Date "2010.05.05"]
[Round "1"]
[White "Wallbank, Andrew"]
[Black "Krajkar, Josef"]
[Result "1-0"]
[WhiteElo "1321"]
[BlackElo "1449"]
[PlyCount "39"]
[EventDate "2010.??.??"]
[EventType "tourn (rapid)"]
[EventRounds "6"]
[SourceTitle "Corr 2013"]
[Source "ChessBase"]
[SourceDate "2012.11.12"]
[SourceVersion "1"]
[SourceVersionDate "2012.11.12"]
[SourceQuality "1"]

1. d4 e6 2. c4 d5 3. Nf3 Nc6 4. Nc3 Bb4 5. Bg5 f6 6. Bf4 Bxc3+ 7. bxc3 Nge7 8. e3 Nf5 9. Bd3 Qe7 10. 0-0 e5 11. dxe5 fxe5 12. cxd5 exf4 13. exf4 Na5 14. Re1 Be6 15. Rxe6 Qxe6 16. dxe6 Nd6 17. Bb5+ c6 18. Qxd6 cxb5 19. Qd7+ Kf8 20. Qf7# 1-0

[Event "FICGS rapid C 000085 email"]
[Site "FICGS email"]
[Date "2010.04.17"]
[Round "1"]
[White "Krajkar, Josef"]
[Black "Weglicki, Slawomir"]
[Result "0-1"]
[WhiteElo "1600"]
[BlackElo "1649"]
[PlyCount "22"]
[EventDate "2010.??.??"]
[EventType "tourn (rapid)"]
[EventRounds "6"]
[SourceTitle "Corr 2013"]
[Source "ChessBase"]
[SourceDate "2012.11.12"]
[SourceVersion "1"]
[SourceVersionDate "2012.11.12"]
[SourceQuality "1"]

1. e4 d5 2. Nc3 d4 3. Nd5 Nf6 4. d3 Nxd5 5. exd5 Qxd5 6. c4 dxc3 7. bxc3 e5 8. c4 Bb4+ 9. Bd2 Bxd2+ 10. Qxd2 Qd4 11. Qd1 Qc3+ 0-1